Corrections - parole - MDT project: proceedings, National Workshop of Corrections and Parole Administrators, Feb. 20-23, 1972, New Orleans, Louisiana
| Autor Corporativo: | |
|---|---|
| Tipo de documento: | Print Libro |
| Lenguaje: | Inglés |
| Publicado: |
Washington, D.C.
American Correctional Association
1972
|
| En: |
Resource document (2)
Año: 1972 |
| Disponibilidad en Tübingen: | Disponible en Tübingen. UB: KB 2 A 989 |
| Verificar disponibilidad: | HBZ Gateway |
| Servicio de pedido Subito: | Pedir ahora. |
MARC
| LEADER | 00000cam a22000002c 4500 | ||
|---|---|---|---|
| 001 | 1094882658 | ||
| 003 | DE-627 | ||
| 005 | 20220514143945.0 | ||
| 007 | tu | ||
| 008 | 910718s1972 xx ||||| 00| ||eng c | ||
| 035 | |a (DE-627)1094882658 | ||
| 035 | |a (DE-576)024882658 | ||
| 035 | |a (DE-599)BSZ024882658 | ||
| 035 | |a (OCoLC)311448717 | ||
| 040 | |a DE-627 |b ger |c DE-627 |e rakwb | ||
| 041 | |a eng | ||
| 245 | 0 | 0 | |a Corrections - parole - MDT project |b proceedings, National Workshop of Corrections and Parole Administrators, Feb. 20-23, 1972, New Orleans, Louisiana |
| 264 | 1 | |a Washington, D.C. |b American Correctional Association |c 1972 | |
| 300 | |a VII, 136 S. | ||
| 336 | |a Text |b txt |2 rdacontent | ||
| 337 | |a ohne Hilfsmittel zu benutzen |b n |2 rdamedia | ||
| 338 | |a Band |b nc |2 rdacarrier | ||
| 490 | 1 | |a Resource document / American Correctional Association |v 2 | |
| 583 | 1 | |a Archivierung prüfen |c 20200919 |f DE-640 |z 1 |2 pdager | |
| 710 | 2 | |a American Correctional Association |0 (DE-588)14016-8 |0 (DE-627)100423256 |0 (DE-576)190233826 |4 oth | |
| 810 | 2 | |a American Correctional Association |t Resource document |v 2 |9 2 |w (DE-627)1094350400 |w (DE-576)024350400 |7 am | |
| 951 | |a BO | ||
| ELC | |b 1 | ||
| LOK | |0 000 xxxxxcx a22 zn 4500 | ||
| LOK | |0 001 2168091846 | ||
| LOK | |0 003 DE-627 | ||
| LOK | |0 004 1094882658 | ||
| LOK | |0 005 20020606000000 | ||
| LOK | |0 008 910718||||||||||||||||ger||||||| | ||
| LOK | |0 040 |a DE-21 |c DE-627 |d DE-21 | ||
| LOK | |0 852 |a DE-21 | ||
| LOK | |0 852 1 |c KB 2 A 989 |9 00 | ||
| LOK | |0 935 |a krim | ||
| LOK | |0 936ln |a k13.2.1.1 | ||
| LOK | |0 939 |a 18-07-91 |b l01 | ||
| ORI | |a SA-MARC-krimdoka001.raw | ||
| SIG | |a UB: KB 2 A 989 | ||
